000 01268nam1a2200265 i 4500
001 RU\NLR\BIBL_A\011212816
005 20241213235850.0
010 _a978-5-85693-624-6
035 _a(NLR Aleph) 011212816
090 _a11982348
_c11982348
100 _a20160915d2016 e y0rusy50 ca
101 0 _abua
102 _aRU
105 _aa z 000 y
200 1 _aБуряад литература
_e9-дэхи кл. һуралсалай ном-хрестомати
_eхоёр хубитай
_fС. А. Ошорова, Д. Б. Цыденов
_gБуряад уласай болбосоролой болон эрдэм ухаанай яаман
210 _aУлаан-Үдэ
_cБэлиг
_d2016
215 _d20
541 1 _aБурятская литература
_eучебник-хрестоматия для 9 кл.
_eв 2-х частях
_zrus
606 1 _aБурятская литература
_jХрестоматии для средней школы
_91202872
_3RU\NLR\AUTH\66168912
686 1 _aШ5(2=Бу) я72
700 1 _aОшорова
_bС. А.
_gСветлана Алексеевна
_4070
701 1 _aЦыденов
_bД. Б.
_gДабажап Бадмахандуевич
_4070
852 _aNLR
_bОНЛ
_jБур./2-1995
942 _cBOOK